000 00579nmm a2200193Ia 4500
008 251105s9999||||xx |||||||||||||||||und||
020 _a9788433975775
041 _aspa
100 _aOjanen, Úrsula
245 0 _aEl año de la liebre
264 _a[Madrid, España] :
_bEditorial Anagrama,
_c[Fecha de publicación no identificada]
300 _a0 páginas
490 _aPanorama de narrativas
700 _aOjanen, Úrsula
700 1 _a Suñén, Juan Carlos
700 1 _a Paasilinna, Arto
856 _uhttps://public.digitaliapublishing.com/a/161684
942 _cCF
999 _c69479
_d69479